Geography of New Jersey - Statistics

General Stats
  • This quiz has been taken 81 times
  • The average score is 17 of 23
Answer Stats
Clue Answer % Correct
Largest NJ cities in the New York Metropolitan Area Newark
97%
State capital of New Jersey Trenton
97%
City famous for its boardwalk Atlantic City
93%
Ivy League university Princeton
93%
Nickname of New Jersey {Garden} State
92%
The above sits on this river Delaware
91%
New Jersey's state university Rutgers
91%
River the above bridge crosses Hudson
88%
Largest NJ cities in the New York Metropolitan Area Jersey City
85%
Woodland area in the south of NJ {Pine} Barrens
84%
Large highway with separate lanes for cars and trucks New Jersey {Turnpike}
83%
Bridge located in Fort Lee George Washington
80%
Cape at the southern tip of NJ Cape {May}
79%
Largest New Jersey cities in the New York Metropolitan Area Elizabeth
73%
Edison was the "wizard" of this place {Menlo} Park
72%
Poor Philadelphia suburb with the Benjamin Franklin Bridge Camden
67%
Largest NJ cities in the New York Metropolitan Area Paterson
67%
Highest point, at 1,803 feet (think hard) High Point
57%
Airport with the code EWR Liberty
53%
City named to attract grape farmers Vineland
47%
State bird of New Jersey Eastern {Goldfinch}
44%
Town where Hamilton lost to Burr Weehawken
39%
Town where Tony Soprano lives North {Caldwell}
29%
No matching quizzes found
Score Distribution
Percent of People with Each Score
Percentile by Number Answered
Your Score History
You have not taken this quiz